| 000 | 00351nam a22001457a 4500 | ||
|---|---|---|---|
| 020 | _a03-5000-1011 | ||
| 082 |
_a894.812.3 _bHOM/S |
||
| 100 | _aDOYLE,ARTHUR CONAN | ||
| 245 | _aSHERLOCK HOLMES KATHAKAL | ||
| 250 | _aFIRST | ||
| 260 |
_aTHRISSUR _bH&C PUBLISHING HOUSE _c2003 |
||
| 300 | _a112 | ||
| 650 |
_aSHORT STORY MALAYALAM _zKERALA |
||
| 942 | _cBK | ||
| 999 |
_c1249 _d1249 |
||